Justicia penal y adicciones: tribunales de tratamiento como alternativa a la sanción
Gespeichert in:
| Hauptverfasser: | , |
|---|---|
| Format: | Buch |
| Sprache: | Spanisch |
| Veröffentlicht: |
Santiago
LexisNexis
2007
|
| Ausgabe: | 1a. ed |
| Schlagworte: | |
| Tags: |
Tag hinzufügen
Keine Tags, Fügen Sie den ersten Tag hinzu!
|
MARC
| LEADER | 00000nam a2200000 a 4500 | ||
|---|---|---|---|
| 001 | UCI4329 | ||
| 003 | CL-VaPUC | ||
| 008 | 080111e20070000CL |||||||||||||||||spa|d | ||
| 020 | |a 9789562387378 | ||
| 082 | 0 | 4 | |a 345.8305 |b HUR |2 21 |
| 100 | |a Hurtado E., Paula |e author |9 470767 | ||
| 700 | 0 | |a Valencia, Angel |e author |9 526160 | |
| 245 | 1 | 0 | |a Justicia penal y adicciones: tribunales de tratamiento como alternativa a la sanción |
| 250 | |a 1a. ed | ||
| 300 | |a 194 p | ||
| 942 | |c BK | ||
| 945 | |d 20080111 00:00:00 |a jtorresc | ||
| 260 | |a Santiago |b LexisNexis |c 2007 | ||
| 650 | 7 | |a SISTEMA PROCESAL PENAL |2 CL-VaPUC |9 478260 | |
| 650 | 0 | |a Normas jurídicas |9 258310 | |
| 650 | 0 | |a Procedimiento penal |9 254974 | |
| 650 | 0 | |a Drogas |9 254877 | |
| 650 | 0 | |a Rehabilitación |9 307382 | |
| 650 | 0 | |a Tribunales |9 254872 | |
| 650 | 0 | |a Salud mental |9 308393 | |
| 650 | 0 | |a Adolescentes |9 308058 | |
| 651 | 7 | |a CHILE |2 CL-VaPUC |9 526161 | |
| 583 | |a last modification |c 20080111 00:00:00 |k Rodrigo Vera | ||
| 999 | |c 328283 |d 328281 | ||
| 952 | |0 0 |1 0 |4 0 |6 345_830500000000000_HUR_2007 |7 0 |8 A |9 412112 |a BIBDER |b BIBDER |d 2019-11-22 |i 4400232 |l 8 |m 7 |o 345.8305 HUR 2007 |p 4400232 |r 2023-01-25 |s 2022-11-25 |w 2019-11-22 |y BK |k DER | ||